Государства, где официальный язык — французский - Statistics

General Stats
  • This quiz has been taken 235 times
  • The average score is 13 of 29
Answer Stats
Часть света Государство % Correct
Европа Франция
98%
Европа Бельгия
71%
Европа Швейцария
68%
Северная Америка Канада
65%
Африка Республика Конго
62%
Африка Демократическая Республика Конго
61%
Европа Монако
60%
Европа Люксембург
59%
Африка Нигер
56%
Африка Гвинея
53%
Африка Мали
53%
Африка Чад
53%
Африка Сенегал
50%
Африка Того
50%
Африка Кот-д’Ивуар
47%
Африка Камерун
46%
Африка Бенин
44%
Африка Центральноафриканская Республика
42%
Африка Буркина-Фасо
39%
Африка Габон
37%
Северная Америка Гаити
32%
Африка Мадагаскар
32%
Африка Руанда
31%
Африка Бурунди
30%
Океания Вануату
26%
Африка Джибути
24%
Африка Экваториальная Гвинея
22%
Африка Сейшельские острова
18%
Африка Коморы
16%
No matching quizzes found
Score Distribution
Percent of People with Each Score
Percentile by Number Answered
Your Score History
You have not taken this quiz